I beni temporali della Chiesa in Italia: nuova normativa canonica e concordataria
Guardat en:
| Format: | Llibre |
|---|---|
| Idioma: | italià |
| Publicat: |
Ciudad del Vaticano
Libreria Editrice Vaticana
1986
|
| Col·lecció: | Studi Giuridici.
11 |
| Matèries: | |
| Etiquetes: |
Afegir etiqueta
Sense etiquetes, Sigues el primer a etiquetar aquest registre!
|
MARC
| LEADER | 00000nam a2200000 a 4500 | ||
|---|---|---|---|
| 001 | UCV3321 | ||
| 003 | CL-VaPUC | ||
| 005 | 20211221074232.0 | ||
| 008 | 930518e19860000VC |||||||||||||||||ita|d | ||
| 999 | |c 210580 |d 210578 | ||
| 040 | |c Pontificia Universidad Católica de Valparaíso | ||
| 082 | 0 | 4 | |a 262.94 BEN 1986 |2 21 |
| 245 | 1 | 2 | |a I beni temporali della Chiesa in Italia: nuova normativa canonica e concordataria |
| 260 | |a Ciudad del Vaticano |b Libreria Editrice Vaticana |c 1986 | ||
| 300 | |a 129 páginas | ||
| 490 | 0 | |a Studi Giuridici. |v 11 | |
| 583 | |a last modification |c 19930518 00:00:00 |k Rodrigo Vera | ||
| 600 | 0 | |a Iglesia católica |9 255129 | |
| 650 | 7 | |a BIENES ECLESIASTICOS |2 CL-VaPUC |9 258968 | |
| 650 | 0 | |a Derecho eclesiástico |9 255055 | |
| 650 | 7 | |a DERECHO CANONICO |2 CL-VaPUC |9 297577 | |
| 651 | 0 | |a Italia |9 254949 | |
| 942 | |c BK |2 ddc | ||
| 945 | |d 19930518 00:00:00 | ||
| 952 | |0 0 |1 0 |2 ddc |4 0 |6 262_940000000000000_BEN_1986 |7 0 |8 A |9 186931 |a BIBDER |b BIBDER |d 2019-11-14 |i 2545632 |o 262.94 BEN 1986 |p 2545632 |r 2023-01-25 |t 1 |w 2019-11-14 |y BK |k DER | ||